| 000 | 00485nam a22001937a 4500 | ||
|---|---|---|---|
| 003 | OSt | ||
| 005 | 20140310184524.0 | ||
| 008 | 131019t xxu||||| |||| 00| 0 eng d | ||
| 020 | _a0590454471 | ||
| 050 |
_aPZ 7 _b.Sp75663Pi 1993 |
||
| 100 |
_aSpinelli, Jerry. _95159 |
||
| 245 |
_aPicklemania / _cJerry Spinelli. |
||
| 260 |
_aNew York : _bScholastic Inc., _c1993. |
||
| 300 |
_a132 p. _c19 cm. |
||
| 521 | _aG4 | ||
| 526 | _c610 | ||
| 942 |
_2lcc _cBK-SCHOLAS |
||
| 999 |
_c35093 _d35093 |
||